|
|
|
|
| LEADER |
01121nam a2200265 a 4500 |
| 001 |
014514319 |
| 008 |
120209s2009 enka b 001 0 eng d |
| 020 |
|
|
|a 9781846688607 (pbk.)
|
| 020 |
|
|
|a 1846688604 (pbk.)
|
| 040 |
|
|
|a StDuBDS
|b eng
|c StDuBDS
|d Uk
|d BD-DhAAL
|
| 082 |
0 |
4 |
|a 363.738747
|2 22
|
| 100 |
1 |
|
|a Kunzig, Robert.
|
| 245 |
1 |
0 |
|a Fixing climate :
|b the story of climate science - and how to stop global warming /
|c Robert Kunzig & Wallace S. Broecker.
|
| 260 |
|
|
|a London ;
|a New Delhi :
|b GreenProfile,
|c 2009.
|
| 300 |
|
|
|a 288 p. :
|b ill. ;
|c 22 cm.
|
| 504 |
|
|
|a Includes bibliographical references (p. 270-276) and index.
|
| 541 |
|
|
|e 00024442
|
| 650 |
|
0 |
|a Climatic changes.
|
| 650 |
|
0 |
|a Climatic changes
|x Environmental aspects.
|
| 650 |
|
0 |
|a Climatic changes
|x Prevention.
|
| 650 |
|
0 |
|a Global warming.
|
| 700 |
1 |
|
|a Broecker, Wallace S.,
|d 1931-
|
| 852 |
1 |
|
|a Ayesha Abed Library
|c General shelf.
|
| 999 |
|
|
|c 11867
|d 11867
|
| 952 |
|
|
|0 0
|1 0
|4 0
|6 363_738747000000000_KUN
|7 0
|9 19395
|a BRACUL
|b BRACUL
|c GEN
|d 2012-02-09
|e Book Web
|g 700.00
|l 2
|m 9
|o 363.738747 KUN
|p 3010024442
|r 2020-01-14
|s 2019-10-30
|t 1
|w 2012-02-09
|y BK
|x Available
|